| 000 | 00336nam a2200133 a 4500 | ||
|---|---|---|---|
| 001 | 4382 | ||
| 003 | CDMR | ||
| 005 | 20131025175159.0 | ||
| 008 | 130130s1996||||||||||||||||||||||||||||d | ||
| 040 |
_aCDMR _bcat _cCPC GIRONA |
||
| 245 | 3 |
_aEl jugar de l'Amades _b: cultura d'infants |
|
| 260 |
_c1996 _bAssociació Joan Amades |
||
| 942 |
_cMON _2udc |
||
| 999 |
_c4382 _d4382 |
||